000 01321nam a2200301 i 4500
003 DO-SdBNP
005 20250530142256.0
007 ta
008 250530b2024 dr ||||| |||| 00| 0 spa d
020 _a9789945290066
040 _aDO-SdBNP
_bspa
_cBNPHU
_erda
041 _aspa
082 4 _axxx
_bC352d
_222
100 1 _aCastillo Cedeño, Rodiester
_eautor
_4aut.
_987381
245 1 0 _aDepresión postparto :
_bcausas y consecuencias /
_cRodiester Castillo Cedeño ; prólogo, Melen Trinidad de Morales.
264 _aSanto Domingo, República Dominicana :
_bEditora Búho,
_c2024.
300 _a142 páginas ;
_c23 cm.
336 _atexto
_btxt
_2rdacontent
337 _asin mediación
_bn
_2rdamedia
338 _avolumen
_bnc
_2rdacarrier
500 _aIncluye datos biográficos de la autora en las solapas
504 _aBibliografía: páginas 137-142
505 _aLos trastornos mentales postparto; historia, clasificación, conceptos y teorías -- Los trastornos mentales postparto -- Los trastornos mentales postparto: causas y consecuencias -- Los trastornos mentales postparto: prevención, manejo y tratamientos -- Consecuencias de la depresión postparto --
590 _aInventariado, 2025 /LP
700 1 _aMelen Trinidad de Morales
_eprologuista
_4pr.
_987925
910 _aLP
942 _2ddc
_cLBS1
999 _c58661
_d58661